[Event "Yerevan ol (Men)"]
[Site "Yerevan"]
[Date "1996.??.??"]
[Round "6"]
[White "Sokolovs, Andrei"]
[Black "Roca, Petronio"]
[Result "1/2-1/2"]
[WhiteElo "2480"]
[BlackElo "2350"]

1.c4 Nf6 2.Nc3 g6 3.e4 d6 4.d4 Bg7 5.Nf3 O-O 6.Be2 e5 7.O-O Nc6 8.dxe5 dxe5
9.Bg5 Qxd1 10.Rfxd1 Bg4 11.h3 Bxf3 12.Bxf3 Nd4 13.Nb5 Ne6 14.Be3 c6 15.Nd6 Rfb8
16.c5 Bf8 17.Rac1 h5 18.b4 Bxd6 19.Rxd6 Rd8 20.Rcd1 Rxd6 21.Rxd6 Kf8 22.Kf1 Ke7
23.Rd3 a6 24.g3 g5 25.Bd2 g4 26.hxg4 hxg4 27.Bg2 Ne8 28.Bc3 f6 29.Ke2 N8c7
30.a4 a5 31.bxa5 Na6 32.Rd1 Nexc5 33.Rb1 Rb8 34.Ke3 Nxa4 35.Bd2 b5 36.axb6 Nxb6
37.Rc1 Kd6 38.Bf1 Nc5 39.Rd1 Kc7 40.Be2 Nbd7 41.Ba5+ Kc8 42.Bxg4 Rb5 43.Be1 Kc7
44.Kf3 Nb6 45.Bf5 Nb3 46.Kg4 Nd4 47.Kh5 Nxf5 48.exf5 Nd5 49.Kg6 Kd6 50.Bd2 c5
51.g4 Rb8 52.Bh6 Rb4 53.g5 fxg5 54.f6 Rd4 55.f7 Nf4+ 56.Kh7 Ne6 57.f8=Q+ Nxf8+
58.Bxf8+ Kd5 59.Rf1 g4 60.Bh6 Rd3 61.Rg1 Rf3 62.Be3 c4 63.Rxg4 c3 64.Rg7 Ke4
65.Rc7 Rxe3 66.fxe3 Kxe3 67.Rxc3+ Kd2 68.Rc4 Kd3 69.Rc8 e4 70.Rd8+ Kc3 71.Re8 Kd3
72.Kg6 e3 73.Kf5 e2 74.Kf4 Kd2 75.Rd8+ Kc2  1/2-1/2

[Event "Yerevan ol (Men)"]
[Site "Yerevan"]
[Date "1996.??.??"]
[Round "6"]
[White "Alterman, Boris"]
[Black "Rogozenko, Dorin"]
[Result "1/2-1/2"]
[WhiteElo "2590"]
[BlackElo "2525"]

1.d4 Nf6 2.c4 g6 3.Nf3 Bg7 4.Nc3 O-O 5.e4 d6 6.Be2 e5 7.O-O Nc6 8.d5 Ne7
9.b4 a5 10.Ba3 axb4 11.Bxb4 Nd7 12.a4 Nc5 13.Nd2 Bd7 14.a5 Nc8 15.Qc2 Qe7
16.Rfb1 Rb8 17.Nb5 Be8 18.Nb3 f5 19.Bxc5 dxc5 20.Bd3 f4 21.f3 Rf6 22.Be2 h5
23.Nc1 g5 24.Nd3 Rg6 25.h3 Bf8 26.Qb2 Bg7 27.Qa3 Bf8 28.Qb2 Bg7 29.Qc2 Bf8
30.Ra2 Qg7 31.Nf2 Ra6 32.Qb2 Bd6 33.Ra3 Kf8 34.Qc3 Ne7 35.Bd1 Ng8 36.Nxd6 cxd6
37.Rab3 Qc7 38.Rb6 Rxb6 39.Rxb6 Nf6 40.Qb2 Nd7 41.Rb5 Nf6  1/2-1/2

[Event "Yerevan ol (Men)"]
[Site "Yerevan"]
[Date "1996.??.??"]
[Round "6"]
[White "Astrom, Robert"]
[Black "Nevednichy, Vladislav"]
[Result "1-0"]
[WhiteElo "2425"]
[BlackElo "2525"]

1.d4 d6 2.Nf3 g6 3.c4 Bg7 4.Nc3 Nf6 5.e4 O-O 6.Be2 e5 7.O-O Nc6 8.d5 Ne7
9.b4 a5 10.Ba3 axb4 11.Bxb4 b6 12.a4 Ne8 13.Qb3 Kh8 14.Nb5 f5 15.Nd2 Ng8
16.a5 bxa5 17.Rxa5 Rxa5 18.Bxa5 Ngf6 19.exf5 Bxf5 20.Qe3 Qd7 21.h3 c6 22.dxc6 Qxc6
23.Bf3 Qd7 24.Bb4 Be6 25.Be2 Bg8 26.Ra1 Qc6 27.Ra5 Nh5 28.Bf3 Rxf3 29.Qxf3 d5
30.Bc3 Nf4 31.Ra7 Bf6 32.Kh2 Qe6 33.cxd5 Qxd5 34.Qxd5 Bxd5 35.f3 h5 36.Ne4 Bxe4
37.fxe4 Kg8 38.Kg3 Ng7 39.Bb2 Nge6 40.Nd6 h4+ 41.Kh2 Nd3 42.Ra8+ Kh7 43.Bc3 Bg5
44.Kg1 Bf4 45.Kf1 Ng5 46.Rc8 Kg7 47.Be1 Nxe1 48.Kxe1 Kf6 49.Ke2 Bh2 50.Rc6 Ne6
51.Nb5 Kf7 52.Ra6 Ng5 53.Kd3 Ne6 54.Ke2 Ng5 55.Ra4 Bg1 56.Nc3 Bd4 57.Kd3 Ne6
58.Ra2 Kf6 59.Ra6 Kf7 60.Kc4 Nf4 61.Ra2 Kf6 62.Ne2 Nxe2 63.Rxe2 Kg5 64.Rd2 Be3
65.Rd3 Kf4 66.Kd5 g5 67.Rxe3 Kxe3 68.Kxe5 g4 69.hxg4  1-0

[Event "Yerevan ol (Men)"]
[Site "Yerevan"]
[Date "1996.??.??"]
[Round "7"]
[White "Tisdall, Jonathan D"]
[Black "Stanec, Nikolaus"]
[Result "1/2-1/2"]
[WhiteElo "2515"]
[BlackElo "2505"]

1.d4 Nf6 2.c4 g6 3.Nc3 Bg7 4.e4 d6 5.Nf3 O-O 6.Be2 e5 7.O-O Nc6 8.d5 Ne7
9.b4 a5 10.Ba3 axb4 11.Bxb4 Nd7 12.a4 Nc5 13.Bxc5 dxc5 14.a5 Bd7 15.Qb3 Rb8
16.Ne1 Nc8 17.Nf3 Qe7 18.Rfb1 Rd8 19.Nb5 Nd6 20.Nxd6 Qxd6  1/2-1/2

[Event "Yerevan ol (Men)"]
[Site "Yerevan"]
[Date "1996.??.??"]
[Round "7"]
[White "Astrom, Robert"]
[Black "Relange, Eloi"]
[Result "1/2-1/2"]
[WhiteElo "2425"]
[BlackElo "2450"]

1.d4 Nf6 2.Nf3 g6 3.c4 Bg7 4.Nc3 O-O 5.e4 d6 6.Be2 e5 7.O-O Nc6 8.d5 Ne7
9.b4 Nh5 10.Re1 f5 11.Ng5 Nf6 12.Bf3 c6 13.Qb3 h6 14.Ne6 Bxe6 15.dxe6 fxe4
16.Nxe4 Nxe4 17.Bxe4 Rf6 18.Bb2 Rxe6 19.Rad1 Qc7 20.Qh3 Rf6 21.f4 Rxf4 22.Qe6+ Kh7
23.Qxd6 Rc8 24.Qxc7 Rxc7 25.Rd8 Nf5 26.Bc1 Rg4 27.Rd3 Bf8 28.c5 b6 29.h3 Rh4
30.g4 Nd4 31.cxb6 axb6 32.a3 c5 33.bxc5 Bxc5 34.Kg2 Ne6 35.Bd5 Nf4+ 36.Bxf4 exf4
37.Re6 h5 38.Be4 hxg4 39.Rxg6 f3+ 40.Kg3 Bf2+ 41.Kf4 Rf7+ 42.Ke5 gxh3 43.Rg4+ Kh6
44.Rd6+ Kh5 45.Rg8 Re7+ 46.Kf5 Rf7+ 47.Ke5 Re7+  1/2-1/2

[Event "Yerevan ol (Women)"]
[Site "Yerevan"]
[Date "1996.??.??"]
[Round "8"]
[White "Berezina, Irina"]
[Black "Sziva, Erika"]
[Result "1/2-1/2"]
[WhiteElo "2235"]
[BlackElo "2250"]

1.d4 Nf6 2.c4 g6 3.Nc3 Bg7 4.e4 d6 5.Nf3 O-O 6.Be2 e5 7.O-O Nc6 8.d5 Ne7
9.Ne1 Nd7 10.Kh1 f5 11.exf5 gxf5 12.f4 Ng6 13.g3 Nf6 14.Ng2 Qe7 15.Qc2 Bd7
16.Bd2 c6 17.Rae1 Kh8 18.b4 Rac8 19.Qb3 b5 20.fxe5 dxe5  1/2-1/2

[Event "Yerevan ol (Men)"]
[Site "Yerevan"]
[Date "1996.??.??"]
[Round "8"]
[White "Gausel, Einar"]
[Black "Rogozenko, Dorin"]
[Result "1-0"]
[WhiteElo "2520"]
[BlackElo "2525"]

1.Nf3 Nf6 2.c4 g6 3.Nc3 Bg7 4.e4 d6 5.d4 O-O 6.Be2 e5 7.O-O Nc6 8.d5 Ne7
9.b4 a5 10.Ba3 axb4 11.Bxb4 Nd7 12.a4 Nc5 13.Bxc5 dxc5 14.a5 b6 15.axb6 Rxa1
16.Qxa1 cxb6 17.Rb1 Bd7 18.Qa6 Nc8 19.Qb7 f5 20.Bd3 Re8 21.Ng5 f4 22.Nf3 Bf8
23.Nd2 g5 24.Bc2 Re7 25.Qb8 g4 26.Ba4 f3 27.Nf1 Rf7 28.Bxd7 Qxd7 29.Ne3 fxg2
30.Kxg2 Nd6 31.Rxb6 Qe7 32.Nf5 Nxf5 33.exf5 Rxf5 34.Ne4 Qf7 35.Re6 Rf4 36.Qxe5 Bg7
37.Re8+ Bf8 38.d6 Rf5 39.Qe6 Qxe6 40.Rxe6 Kf7 41.d7 Be7 42.Rh6 Re5 43.Rxh7+ Ke6
44.Nc3 Rg5 45.Nd5 Bd8 46.Nf4+ Kd6 47.Rh8 Rf5 48.Kg3 Kxd7 49.Kxg4 Re5 50.Rh7+ Kd6
51.Rh6+ Kd7 52.Rh5 Re4 53.Rd5+ Kc8 54.Rxc5+ Bc7 55.Rf5 Rxc4 56.h4 Rc1 57.Nh3 Rc4+
58.f4 Kd7 59.h5 Rc6 60.Rg5 Ke7 61.Rg6 Rf6 62.Kg5 Rf7 63.h6 Kf8 64.Rc6 Bd8+
65.Kg6 Kg8 66.f5 Rd7 67.f6 Bxf6 68.Rxf6 Rg7+ 69.Kh5 Ra7 70.Ng5 Rb7 71.h7+  1-0

[Event "Yerevan ol (Men)"]
[Site "Yerevan"]
[Date "1996.??.??"]
[Round "8"]
[White "Teo Kok Cheng"]
[Black "Simonsen, Olavur"]
[Result "1-0"]
[WhiteElo "2270"]
[BlackElo "2075"]

1.d4 Nf6 2.c4 g6 3.Nc3 Bg7 4.e4 d6 5.Nf3 O-O 6.Be2 e5 7.O-O Nc6 8.d5 Ne7
9.b4 Nh5 10.g3 f5 11.Ng5 Nf6 12.f3 Kh8 13.c5 Neg8 14.Qb3 h6 15.Ne6 Bxe6 16.dxe6 dxc5
17.Rd1 Qe7 18.Ba3 cxb4 19.Bxb4 c5 20.Ba3 b6 21.Nd5 Nxd5 22.exd5 Rad8 23.Bb2 Rd6
24.a4 Rfd8 25.Bc4 f4 26.gxf4 exf4 27.Ra2 Bxb2 28.Rxb2 Qf6 29.Re2 Ne7 30.Re4 h5
31.Kh1 g5 32.Rg1 Rg8 33.Qd1 Rg7 34.a5 b5 35.Bxb5 Rxd5 36.Qe1 Rd4 37.Rxd4 cxd4
38.Bc4 g4 39.Qb1 g3 40.Qb5 Qh4 41.Rg2 Qg5 42.Qe8+ Ng8 43.Qf8 Qxa5 44.hxg3 fxg3
45.Qf4 Qe1+ 46.Rg1 Qf2 47.Rg2 Qe3 48.Qxe3 dxe3 49.Re2 h4 50.Rxe3 h3 51.Re1 Ne7
52.Kg1 Nf5 53.Bd5 g2 54.f4 Ne3 55.Be4 h2+ 56.Kxh2 Nf1+ 57.Kg1 Ng3 58.f5 Re7
59.Bc2 Kg7 60.Kxg2 Nh5 61.Bd1 Nf6 62.Kf3 Kf8 63.Kf4 Rb7 64.Rg1 Ne8 65.Bf3 Rb4+
66.Kg5 Rc4 67.Ra1 Rc3 68.Bg4  1-0

[Event "Yerevan ol (Men)"]
[Site "Yerevan"]
[Date "1996.??.??"]
[Round "9"]
[White "Gausel, Einar"]
[Black "Bayram, Yakup"]
[Result "1-0"]
[WhiteElo "2520"]
[BlackElo "2320"]

1.Nf3 Nf6 2.c4 g6 3.Nc3 Bg7 4.e4 d6 5.d4 O-O 6.Be2 e5 7.O-O Nc6 8.d5 Ne7
9.Nd2 c5 10.Rb1 Ne8 11.b4 f5 12.bxc5 dxc5 13.Bf3 Nd6 14.Nb5 Rf6 15.Bb2 a6
16.Nxd6 Qxd6 17.a4 a5 18.Bc3 b6 19.Qb3 g5 20.exf5 Bxf5 21.Be4 Rh6 22.Rfe1 g4
23.Nf1 Rf8 24.Ng3 Bd7 25.Bd2 Rf4 26.Qc2 Qf6 27.d6 Nc6 28.Bxc6 Bxc6 29.Bxf4 exf4
30.Nf5 g3 31.Ne7+ Kh8 32.Nxc6 Rxh2 33.Re8+ Bf8 34.Qb2  1-0

[Event "Yerevan ol (Women)"]
[Site "Yerevan"]
[Date "1996.??.??"]
[Round "9"]
[White "Khegai, Angela"]
[Black "Mihevc, Narcisa"]
[Result "1-0"]
[WhiteElo "2205"]
[BlackElo "2235"]

1.d4 Nf6 2.Nf3 g6 3.c4 Bg7 4.Nc3 d6 5.e4 O-O 6.Be2 e5 7.O-O Nc6 8.d5 Ne7
9.b4 a5 10.Ba3 axb4 11.Bxb4 b6 12.a4 Ne8 13.a5 bxa5 14.Rxa5 Bg4 15.Qa4 Rxa5
16.Bxa5 Bxf3 17.Bxf3 f5 18.c5 Qc8 19.Bb4 Bh6 20.Qa7 fxe4 21.Nxe4 Nf5 22.cxd6 cxd6
23.Qb6 Nh4 24.Bd1 Qc4 25.Nxd6 Qxd5 26.Qb7 Qxb7 27.Nxb7 Rf5 28.Bb3+ Kg7 29.Nd8 Bf4
30.Be7 Nc7 31.Bxh4 g5 32.Bg3 Nb5 33.Bxf4 gxf4 34.Rd1 Kf6 35.Nc6 Nc3 36.Rd7 Rh5
37.Rf7+ Kg5 38.Nxe5  1-0

[Event "Yerevan ol (Men)"]
[Site "Yerevan"]
[Date "1996.??.??"]
[Round "9"]
[White "Jiravorasuk, Bajuab"]
[Black "Al Modiahki, Mohamad"]
[Result "0-1"]
[WhiteElo "2245"]
[BlackElo "2420"]

1.d4 Nf6 2.c4 g6 3.Nc3 Bg7 4.e4 d6 5.Nf3 O-O 6.Be2 e5 7.O-O Nc6 8.d5 Ne7
9.Ne1 Nd7 10.Be3 f5 11.f3 f4 12.Bf2 g5 13.b4 Nf6 14.c5 Ng6 15.a4 h5 16.cxd6 cxd6
17.a5 g4 18.Kh1 g3 19.Bg1 h4 20.Nb5 h3 21.Bxa7 Nh4 22.Bb6 Qd7 23.Rg1 hxg2+
24.Rxg2 Qh3 25.Bg1 Nxg2 26.Nxg2 gxh2 27.Bf2 Nxe4 28.fxe4 f3 29.Bf1 fxg2+
30.Bxg2 Qd7 31.Qe2 Rxf2 32.Qxf2 Qxb5 33.Rf1 Qe8 34.Qb6 Qe7 35.Rc1 Bh6 36.Rc7 Qh4  0-1

[Event "Yerevan ol (Men)"]
[Site "Yerevan"]
[Date "1996.??.??"]
[Round "9"]
[White "Bareev, Evgeny"]
[Black "Georgiev, Vladimir"]
[Result "1-0"]
[WhiteElo "2655"]
[BlackElo "2465"]

1.d4 Nf6 2.c4 g6 3.Nc3 Bg7 4.e4 d6 5.Be2 O-O 6.Nf3 e5 7.O-O Nc6 8.d5 Ne7
9.b4 a5 10.Ba3 axb4 11.Bxb4 Nd7 12.a4 Bh6 13.a5 f5 14.Nd2 Kh8 15.Bf3 Ra6
16.Re1 b6 17.Nb5 Nc5 18.axb6 cxb6 19.Qc2 fxe4 20.Bxe4 Nf5 21.Nf3 Bg7 22.Bxc5 bxc5
23.Qd3 Qf6 24.Rxa6 Bxa6 25.Rb1 Bc8 26.Na7 Bd7 27.Rb7 Ba4 28.Nc6 Nh4 29.Rb1 Qf4
30.Rf1 Nxf3+ 31.Bxf3 e4 32.Bxe4 Re8 33.f3 Bh6 34.Rb1 Kg8 35.g3 Qe3+ 36.Qxe3 Bxe3+
37.Kf1 Bg5 38.h4 Bf6 39.Rb7 Rf8 40.Ke2 Rf7 41.Rb6 Kg7 42.Kd2 Rc7 43.f4 h6
44.Ra6 Bxc6 45.dxc6 Be7 46.Ra8 g5 47.h5 gxf4 48.gxf4 d5 49.Bxd5 Kf6 50.Ke3 Bd6
51.Kf3  1-0

[Event "Yerevan ol (Men)"]
[Site "Yerevan"]
[Date "1996.??.??"]
[Round "11"]
[White "Jiravorasuk, Bajuab"]
[Black "Kaabi, Mejdi"]
[Result "1/2-1/2"]
[WhiteElo "2245"]
[BlackElo "2395"]

1.d4 Nf6 2.c4 g6 3.Nc3 Bg7 4.e4 d6 5.Nf3 O-O 6.Be2 e5 7.O-O Nc6 8.d5 Ne7
9.Ne1 Nd7 10.f3 f5 11.Be3 f4 12.Bf2 g5 13.b4 Nf6 14.c5 Ng6 15.Rc1 Rf7 16.cxd6 cxd6
17.a4 h5 18.a5 Bd7 19.Nb5 Bxb5 20.Bxb5 g4 21.Kh1 g3 22.Bg1 gxh2 23.Bf2 a6
24.Ba4 h4 25.Bb6 Qf8 26.Kxh2 Nh5 27.Rg1 Bf6 28.Nd3 Bd8 29.Bxd8 Rxd8 30.Nf2 Qh6
31.Nh3 Nf8 32.Rc4 Rg7 33.Qc2 Qg6 34.Rc7 Nh7 35.Rc8 Rxc8 36.Qxc8+ Nf8 37.Be8 Qg3+
38.Kh1 Nf6 39.b5 axb5 40.Bxb5 Qg6 41.Kh2  1/2-1/2

[Event "Yerevan ol (Women)"]
[Site "Yerevan"]
[Date "1996.??.??"]
[Round "13"]
[White "Berezina, Irina"]
[Black "Kim, Olga"]
[Result "1-0"]
[WhiteElo "2235"]
[BlackElo "2250"]

1.d4 Nf6 2.c4 g6 3.Nc3 Bg7 4.e4 d6 5.Nf3 O-O 6.Be2 e5 7.O-O Nc6 8.d5 Ne7
9.Ne1 Ne8 10.Kh1 f5 11.exf5 gxf5 12.f4 e4 13.Be3 c5 14.dxc6 bxc6 15.Qd2 Be6
16.Rd1 Qc7 17.Nc2 Rd8 18.Bd4 Nf6 19.Ne3 Qb7 20.Na4 c5 21.Bc3 Bd7 22.b3 Bxa4
23.bxa4 Qd7 24.Ba5 Rb8 25.Qxd6 Qxd6 26.Rxd6 Rb2 27.Rd2 Rfb8 28.Rfd1 Rxd2
29.Bxd2 Rb2 30.a3 Ra2 31.h3 Ne8 32.Bh5 Nf6 33.Be2 Rxa3 34.g4 fxg4 35.hxg4 Rxa4
36.g5 Ne8 37.Bh5 Nd6 38.Rb1 Ra1 39.Rxa1 Bxa1 40.Bg4 Ng6 41.Be6+ Kf8 42.Nc2 Bb2
43.Be3 Bd4 44.Nxd4 cxd4 45.Bxd4 Nxf4 46.Bg4 Nxc4 47.Bxa7 e3 48.Bf5 e2 49.Bf2 Kg8
50.Kh2 Ne3 51.Kg3 Nh5+ 52.Kh4 Nxf5+ 53.Kxh5 Kf7 54.Be1 Nd4 55.Kh6 Nf3 56.Ba5 Ke6
57.Kxh7 Nxg5+ 58.Kh6 Kf5 59.Kh5 Nf3 60.Bb4 Kf4 61.Bd6+ Ke4 62.Bg3 Kf5 63.Bf2 Kf4  1-0

[Event "Yerevan ol (Men)"]
[Site "Yerevan"]
[Date "1996.??.??"]
[Round "13"]
[White "Sunthornpongsathorn, Veeraphol"]
[Black "Williams, Leighton"]
[Result "0-1"]
[WhiteElo "2335"]
[BlackElo "2135"]

1.d4 Nf6 2.c4 g6 3.Nc3 Bg7 4.e4 O-O 5.Nf3 d6 6.Be2 e5 7.O-O Nc6 8.d5 Ne7
9.Ne1 Ne8 10.Be3 f5 11.f3 f4 12.Bf2 g5 13.c5 Ng6 14.a4 Rf7 15.cxd6 cxd6 16.Nb5 a6
17.Na3 Nf6 18.Nc4 g4 19.Nd3 g3 20.hxg3 Nh5 21.gxf4 Ngxf4 22.Qe1 Qg5 23.Nxf4 Nxf4
24.g4 Rf6 25.Nb6 Rh6 26.Bg3 Rh3 27.Bh2 Qh6 28.Rf2 Bf6 29.Bf1 Rb8 30.Rc1 Bh4
31.Bxf4 Bxf2+ 32.Kxf2 Rxf3+ 33.Kxf3 Qxf4+ 34.Kg2 Bxg4 35.Rc3 Rf8 36.Rg3 Kh8
37.Kg1 h5 38.Bg2 h4 39.Rxg4 Qxg4 40.Qe3 Kh7 41.Kh2 Rf4 42.Nc4 Qg6 43.a5 Rg4
44.Bh3 Rxe4 45.Bf5 Qxf5 46.Nxd6 Rxe3 47.Nxf5 Rd3  0-1

[Event "Yerevan ol (Men)"]
[Site "Yerevan"]
[Date "1996.??.??"]
[Round "13"]
[White "Stanec, Nikolaus"]
[Black "Leitao, Rafael"]
[Result "1/2-1/2"]
[WhiteElo "2505"]
[BlackElo "2475"]

1.d4 Nf6 2.c4 g6 3.Nc3 Bg7 4.e4 d6 5.Be2 O-O 6.Nf3 e5 7.O-O Nc6 8.d5 Ne7
9.Ne1 Nd7 10.Be3 f5 11.f3 f4 12.Bf2 h5 13.a4 a5 14.Nd3 b6 15.b4 axb4 16.Nxb4 g5
17.Nb5 Nf6 18.Nc6 Nxc6 19.dxc6 Be6 20.Qd2 Rf7 21.a5 bxa5 22.Rxa5 Qe8 23.Rfa1 Rxa5
24.Qxa5 Qxc6 25.Qa8+ Qxa8 26.Rxa8+ Bf8 27.Be1 Rd7 28.Ba5 c5 29.Bd8 Nh7 30.Bc7 Kg7
31.Ra6 g4 32.Bxd6 Bxd6 33.Rxd6 Rxd6 34.Nxd6 gxf3  1/2-1/2

[Event "Yerevan ol (Men)"]
[Site "Yerevan"]
[Date "1996.??.??"]
[Round "13"]
[White "Al Ghasra, Ali"]
[Black "Mamombe, Kudzanai"]
[Result "1-0"]
[WhiteElo "2160"]
[BlackElo "2140"]

1.d4 Nf6 2.c4 g6 3.Nc3 Bg7 4.e4 d6 5.Nf3 O-O 6.Be2 e5 7.O-O Nc6 8.d5 Ne7
9.b4 a5 10.Ba3 b6 11.bxa5 Rxa5 12.Bb4 Ra8 13.a4 Ne8 14.a5 bxa5 15.Rxa5 Rxa5
16.Bxa5 f5 17.Qb3 Kh8 18.Qb8 h6 19.Bd1 fxe4 20.Nxe4 Qd7 21.Nc3 c6 22.Nh4 g5
23.dxc6 Qxc6 24.Bd8 gxh4 25.Bxe7 h3 26.Nd5 hxg2 27.Re1 Rg8 28.Qb4 Ba6 29.Bb3 Qd7
30.c5 Bf8 31.Bf6+ Bg7 32.Qh4 Bxf6 33.Nxf6 Nxf6 34.Qxf6+ Qg7 35.Qxd6 Ra8 36.Bd5 Bb7
37.c6 Ba6 38.c7 Rc8 39.Qd8+ Qf8 40.Qxf8+ Rxf8 41.Rxe5 Kg7 42.Re7+ Kh8 43.Be6 Bb7
44.Rd7  1-0

[Event "Yerevan ol (Women)"]
[Site "Yerevan"]
[Date "1996.??.??"]
[Round "13"]
[White "Khegai, Angela"]
[Black "Koshnitsky, Ngan Phan"]
[Result "1-0"]
[WhiteElo "2205"]
[BlackElo "2085"]

1.d4 Nf6 2.Nf3 g6 3.c4 Bg7 4.Nc3 O-O 5.e4 d6 6.Be2 e5 7.O-O Nc6 8.d5 Ne7
9.b4 a5 10.Ba3 axb4 11.Bxb4 Nd7 12.Nd2 f5 13.f3 f4 14.Nb3 b6 15.a4 g5 16.a5 Nc5
17.Qc2 Na6 18.Ba3 Rf6 19.axb6 cxb6 20.Nd2 Rg6 21.Rfb1 Bd7 22.Nb5 Nc8 23.Ra2 Nc5
24.Bxc5 Rxa2 25.Qxa2 bxc5 26.Qa8 Bf8 27.Nb3 g4 28.Na7 gxf3 29.Bxf3 Bh3 30.Nxc8 Bxg2
31.Bxg2 f3 32.Rb2 Qg5 33.Rf2 Rg7 34.Nd2 Qe3 35.Nxf3 Qc1+ 36.Rf1 Qe3+ 37.Kh1 Qh6
38.Nxe5 Qg5 39.Ng4 Qd8 40.Ne7+ Bxe7 41.Qxd8+  1-0

[Event "Yerevan ol (Women)"]
[Site "Yerevan"]
[Date "1996.??.??"]
[Round "14"]
[White "Sekulovska, Vesna"]
[Black "Mahammadi, Sonia"]
[Result "1-0"]
[WhiteElo "2095"]
[BlackElo "2050"]

1.d4 Nf6 2.c4 g6 3.Nc3 Bg7 4.e4 d6 5.Nf3 O-O 6.Be2 e5 7.O-O Nc6 8.d5 Ne7
9.b4 Nd7 10.Re1 f5 11.Ng5 Nf6 12.Qb3 h6 13.Ne6 Bxe6 14.dxe6 fxe4 15.Bf1 Nf5
16.Nxe4 Nd4 17.Qd3 Nxe6 18.Ng3 Qe8 19.Rb1 Qf7 20.f3 Nf4 21.Qc2 c5 22.bxc5 dxc5
23.Bb2 Nd7 24.Ne4 Qf5 25.Qa4 Rfd8 26.Rbd1 b6 27.Rd6 Bf8 28.Rxd7 Rxd7 29.Qxd7 Qxd7
30.Nf6+ Kf7 31.Nxd7 Bg7 32.Nxe5+ Kg8 33.Bc1 g5 34.g3 Ne6 35.Kg2 Nd4 36.Bd3 Re8
37.f4 Nc6 38.Nf3 Rd8 39.Be4 Nd4 40.fxg5 Nxf3 41.Bxf3 hxg5 42.Bd5+  1-0

[Event "Zadar op"]
[Site "Zadar"]
[Date "1996.??.??"]
[Round "?"]
[White "Gagarin, Vasilij"]
[Black "Levacic, Patrick"]
[Result "0-1"]
[WhiteElo "2420"]
[BlackElo "2350"]

1.d4 Nf6 2.c4 g6 3.Nc3 Bg7 4.e4 d6 5.Nf3 O-O 6.Be2 e5 7.O-O Nc6 8.d5 Ne7
9.Nd2 Nd7 10.b4 f5 11.c5 Nf6 12.f3 f4 13.Nc4 g5 14.a4 Ng6 15.cxd6 cxd6 16.Bd2 Nh8
17.Be1 h5 18.Nb5 Nf7 19.Bf2 g4 20.Nxa7 Rxa7 21.Bxa7 g3 22.Nb6 Nxe4 23.Nxc8 gxh2+
24.Kxh2 Qh4+ 25.Kg1 Ng3 26.Qc2 e4 27.fxe4 Bxa1 28.Ne7+ Qxe7 29.Rxa1 Qh4 30.Rc1 Ne5
31.Bf3 Ng4 32.Bxg4 Qxg4 33.Re1 f3 34.gxf3 Ne2+  0-1

[Event "Zalakaros op"]
[Site "Zalakaros"]
[Date "1996.??.??"]
[Round "2"]
[White "Wells, Peter K"]
[Black "Kocsis, Gyorgy"]
[Result "1/2-1/2"]
[WhiteElo "2495"]
[BlackElo "2290"]

1.d4 Nf6 2.c4 g6 3.Nc3 Bg7 4.e4 d6 5.Nf3 O-O 6.Be2 e5 7.O-O Nc6 8.d5 Ne7
9.Ne1 Ne8 10.f4 exf4 11.Bxf4 h6 12.h4 f5 13.Qd2 Kh7 14.Nf3 fxe4 15.Nxe4 Nf5
16.g3 Nf6 17.Nxf6+ Qxf6 18.Bd3 Bd7 19.Rae1 b6 20.Kg2 Rae8 21.Rxe8 Rxe8 22.g4 Nd4
23.Nxd4 Qxd4 24.h5 Kg8 25.Bxg6 Qxd2+ 26.Bxd2 Re2+ 27.Rf2 Bxg4 28.Rxe2 Bxe2
29.b3 Kf8 30.Kg3 Ke7 31.Kf4 a5 32.Ke4 a4 33.Ke3 axb3 34.axb3 Bd1 35.b4 Bb3
36.Kd3 b5 37.cxb5 Bxd5 38.Be3 Ba2 39.b6 cxb6 40.Bxb6 Ke6 41.Bd4 Bxd4 42.Kxd4 Kd7
43.Be4 Kc7 44.Bd5 Bxd5 45.Kxd5 Kd7 46.Kd4 Kc6 47.Kc4 d5+ 48.Kd4 Kb5 49.Kxd5 Kxb4  1/2-1/2

[Event "Zalakaros op"]
[Site "Zalakaros"]
[Date "1996.??.??"]
[Round "2"]
[White "Lukacs, Peter"]
[Black "Horvath, Adam"]
[Result "1-0"]
[WhiteElo "2440"]
[BlackElo "2245"]

1.d4 Nf6 2.c4 g6 3.Nc3 Bg7 4.e4 d6 5.Nf3 O-O 6.Be2 e5 7.O-O Nc6 8.d5 Ne7
9.Bg5 h6 10.Bxf6 Bxf6 11.b4 Bg7 12.c5 f5 13.Bd3 f4 14.Nd2 g5 15.Be2 Kh8 16.Rc1 Ng8
17.Bg4 Nf6 18.Bxc8 Rxc8 19.f3 h5 20.Kh1 Rf7 21.Qa4 g4 22.Qxa7 Ra8 23.Qxb7 Rb8
24.Qa6 g3 25.h3 Nh7 26.cxd6 cxd6 27.Ne2 Bf8 28.a3 Rbb7 29.Qd3 Qd7 30.Qc4 Qe7
31.Qc8 Qh4 32.Rc4 Ng5 33.Ng1 Nh7 34.Rfc1  1-0

[Event "Zalakaros op"]
[Site "Zalakaros"]
[Date "1996.??.??"]
[Round "8"]
[White "Medl, F."]
[Black "Kaukal, Terezia"]
[Result "1/2-1/2"]
[WhiteElo "2060"]
[BlackElo "2150"]

1.d4 Nf6 2.c4 g6 3.Nc3 Bg7 4.e4 d6 5.Nf3 O-O 6.Be2 e5 7.O-O Nc6 8.d5 Ne7
9.Ne1 Nd7 10.Be3 f5 11.f3 Nf6 12.b4 Nh5 13.Nd3 Nf4 14.Rc1 g5 15.c5 Neg6 16.cxd6 cxd6
17.Nb5 h5 18.Nc7 g4 19.Nxf4 exf4 20.Bf2  1/2-1/2

[Event "Zalakaros op"]
[Site "Zalakaros"]
[Date "1996.??.??"]
[Round "9"]
[White "Lukacs, Peter"]
[Black "Chuprov, Dmitry"]
[Result "0-1"]
[WhiteElo "2440"]
[BlackElo "2460"]

1.d4 Nf6 2.c4 g6 3.Nc3 Bg7 4.e4 d6 5.Nf3 O-O 6.Be2 e5 7.O-O Nc6 8.d5 Ne7
9.Bg5 Nh5 10.g3 h6 11.Bd2 f5 12.Nh4 Nf6 13.exf5 g5 14.Ng6 Nxg6 15.fxg6 Bf5
16.Be3 Bxg6 17.f3 Qe7 18.Qd2 c5 19.a3 Rae8 20.Rae1 Bf5 21.Bd1 Bh3 22.Rf2 e4
23.Ba4 Bd7 24.Bc2 exf3 25.Rxf3 Ng4 26.Rxf8+ Rxf8 27.Bxc5 Ne5 28.Rxe5 Qxe5
29.Bxa7 Bh3 30.Bf2 Bf5 31.c5 Bxc2 32.Qxc2 dxc5 33.Qd2 Qf5  0-1

[Event "Zaragoza-B op"]
[Site "Zaragoza"]
[Date "1996.??.??"]
[Round "?"]
[White "Clari Mascarell, Jose Javier"]
[Black "Baron Rodriguez, Jorge"]
[Result "1/2-1/2"]
[WhiteElo "2130"]
[BlackElo "2250"]

1.d4 Nf6 2.c4 g6 3.Nc3 Bg7 4.e4 d6 5.Nf3 O-O 6.Be2 e5 7.O-O Nc6 8.d5 Ne7
9.Bg5 Nh5 10.Ne1 Nf4 11.Qd2 Nxe2+ 12.Qxe2 f5 13.f3 f4 14.Nd3 Bf6 15.Bxf6 Rxf6
16.b4 h5 17.c5 g5 18.Rfc1 Bd7 19.b5 Rg6 20.c6 bxc6 21.bxc6 Bc8 22.Kf2 g4
23.Ke1 Ba6 24.Kd2 Nc8 25.Rab1 Nb6 26.Nb5 Rb8 27.Na3 Qc8 28.Rb3 gxf3 29.gxf3 Qh3
30.Rf1 Kh7 31.Rbb1 Rg2 32.Rf2 Rxf2 33.Qxf2 Rg8 34.Ne1 Rb8 35.Rb3 Kh6 36.Qe2 Rg8  1/2-1/2

[Event "Zaragoza op"]
[Site "Zaragoza"]
[Date "1996.??.??"]
[Round "5"]
[White "Pogorelov, Ruslan"]
[Black "Kaminski, Marcin"]
[Result "1/2-1/2"]
[WhiteElo "2440"]
[BlackElo "2525"]

1.Nf3 Nf6 2.c4 g6 3.Nc3 Bg7 4.e4 d6 5.d4 O-O 6.Be2 e5 7.O-O Nc6 8.d5 Ne7
9.Ne1 Ne8 10.Be3 f5 11.f3 c5 12.dxc6 bxc6 13.Qd2 Be6 14.Rd1 Qc7 15.f4 fxe4
16.Nxe4 Nf5 17.fxe5 Bxe5 18.Nd3 Bg7 19.Nf4 Nxe3 20.Qxe3 Bf5 21.g4 Bxe4 22.Qxe4 Nf6
23.Qe6+ Kh8 24.g5 Nd7 25.Nxg6+ hxg6 26.Qh3+ Kg8 27.Qe6+ Kh8 28.Rd3 Rxf1+
29.Bxf1 Nf8 30.Rh3+ Nh7 31.Qxg6 Bd4+ 32.Kh1 Qg7 33.Qe4 Kg8 34.Qe6+ Qf7 35.Qxf7+ Kxf7
36.Rxh7+ Kg6 37.Rd7 Kxg5 38.Rxd6 c5 39.Bd3 Re8 40.Rd5+ Kg4 41.Kg2 a5 42.h3+ Kh4
43.Bf5 Re2+ 44.Kf3 Rxb2 45.a4 Rf2+ 46.Ke4 Rc2 47.Rxd4 cxd4 48.Kxd4 Ra2 49.Kd5 Rxa4
50.c5 Ra1 51.c6 Rc1 52.Kd6 a4 53.c7 a3 54.Be6 a2 55.Bxa2 Rxc7 56.Kxc7  1/2-1/2

[Event "Zlin op"]
[Site "Zlin"]
[Date "1996.??.??"]
[Round "?"]
[White "Tejkal, Jiri"]
[Black "Spisak, Czeslaw"]
[Result "0-1"]
[WhiteElo "1990"]
[BlackElo "2345"]

1.d4 Nf6 2.Nf3 g6 3.c4 Bg7 4.Nc3 O-O 5.e4 d6 6.Be2 e5 7.O-O Nc6 8.d5 Ne7
9.Ne1 Ne8 10.Be3 f5 11.f3 f4 12.Bf2 h5 13.c5 g5 14.h3 Rf6 15.cxd6 Nxd6 16.a4 Rg6
17.a5 a6 18.Nd3 Kh8 19.Nc5 Ng8 20.Ne6 Qe7 21.Rc1 Nh6 22.Bc5 Bf6 23.Bxd6 cxd6
24.Na4 Bxe6 25.dxe6 g4 26.fxg4 hxg4 27.hxg4 Bh4 28.Nb6 Bg3 29.Bf3 Rag8 30.Rf2 Bxf2+
31.Kxf2 Nxg4+ 32.Ke2 Rxe6 33.Kd2 Reg6 34.Nd5 Qh4 35.Qe2 Ne3 36.g3 Rxg3 37.Rh1 Rh3
38.Rxh3 Qxh3 39.Nxe3 fxe3+ 40.Qxe3 Qh2+ 41.Qe2 Qxe2+ 42.Kxe2 Kg7 43.Kd3 Rc8
44.Bg4 Rc7 45.Be6 b6 46.axb6 Rb7 47.b3 Rxb6 48.Kc3 a5 49.Bd5 Kf6 50.Bc4 Kg5
51.Kd3 Kf4 52.Bd5 Rb4 53.Bc4 Kf3 54.Bd5 Rd4+  0-1

[Event "Zlin op"]
[Site "Zlin"]
[Date "1996.??.??"]
[Round "4"]
[White "Lechtynsky, Jiri"]
[Black "Belunek, Vladimir"]
[Result "1/2-1/2"]
[WhiteElo "2425"]
[BlackElo "2215"]

1.Nf3 Nf6 2.c4 g6 3.d4 Bg7 4.Nc3 O-O 5.e4 d6 6.Be2 e5 7.O-O Nc6 8.d5 Ne7
9.Bd2 Ne8 10.Ne1 f5 11.f3 f4 12.Nd3 h5 13.Rc1 g5 14.c5 Kh8 15.a4 Ng8 16.Nb5 Nh6
17.cxd6 cxd6 18.Nf2 Rf7 19.Rc3 Bf8 20.h3 Rg7 21.Qb3 Nf6 22.Rfc1 g4 23.hxg4 hxg4
24.Kf1 g3 25.Nd3 Ne8 26.Ke1 Bh3 27.Kf1 Qh4 28.Ke1 Bxg2 29.Kd1 Bh3 30.Kc2 g2
31.Rg1 Qd8  1/2-1/2

[Event "Weihnachts op"]
[Site "Zuerich"]
[Date "1996.??.??"]
[Round "3"]
[White "Siegel, Georg"]
[Black "Huberty, Marc"]
[Result "1-0"]
[WhiteElo "2475"]
[BlackElo "2155"]

1.d4 Nf6 2.c4 g6 3.Nc3 Bg7 4.e4 d6 5.Be2 O-O 6.Nf3 e5 7.O-O Nc6 8.d5 Ne7
9.b4 a5 10.Ba3 axb4 11.Bxb4 b6 12.a4 Ne8 13.Nb5 f5 14.Nd2 Bd7 15.a5 bxa5
16.Bxa5 Bh6 17.Qc2 Bxd2 18.Bxd2 Rxa1 19.Rxa1 fxe4 20.Qxe4 Nf5 21.Qd3 Qh4
22.Rf1 Rf7 23.f4 Qe7 24.fxe5 Qxe5 25.Bf4 Qg7 26.Rd1 Qf6 27.Bc1 Nh4 28.Qg3 Nf5
29.Qf2 Qe5 30.Bf3 Qf6 31.Be2 Qe5 32.Bf1 Nh6 33.Qh4 Ng4 34.Re1 Qf6 35.Bg5 Qb2
36.h3 Bxb5 37.cxb5 Ne5 38.Be3 Qc3 39.Bd4 Qb4 40.Rd1 Qb3 41.Rc1 Qxd5 42.b6 cxb6
43.Bxb6 Qd2 44.Ra1 Kg7 45.Qa4 Nf6 46.Rd1 Qg5 47.Be2 Nh5 48.Bxh5 gxh5 49.Kh1 Qf4
50.Bd4 Qe4 51.Qe8 Qe2 52.Rg1 Qe4 53.Ba1 Qe3 54.Qd8 Rf6 55.Qe7+ Kg6 56.Bb2 Qe2
57.Bd4 Qe4 58.Bb6 Qf5 59.Rd1 Qe6 60.Qb7 Qf7 61.Qe4+ Kg7 62.Kh2 Rf2 63.Bxf2  1-0